Las ideas políticas en Argentina /

Guardado en:
Autor Principal: Romero, José Luis
Formato: Libro
Idioma:Spanish
Publicado: Buenos Aires : Fondo de Cultura Económica, 2000.
Edición:18a. reimp.
Materias:
Etiquetas: Agregar Etiqueta
Sin Etiquetas, Sea el primero en etiquetar este registro!
LEADER 00479nam a22001575a 4500
001 DER.der015125
008 250214s2000####ag#||||||||||||||#||spa||
005 20250214115938.0
245 1 0 |a Las ideas políticas en Argentina /  |c José Luis Romero 
250 |a 18a. reimp. 
260 |a Buenos Aires :  |b Fondo de Cultura Económica,  |c 2000. 
300 |a 316 p. 
020 |a 9505570090 
100 1 |a Romero, José Luis 
650 7 |a CIENCIA POLITICA 
859 |a DERECHO  |b BIB. DERECHO  |h 320.09  |i ROM  |p 0010533